Influencia de los determinantes sociales en el estado de salud de los primeros molares permanentes / (Registro nro. 5857)
[ vista simple ]
| 000 -CABECERA | |
|---|---|
| campo de control de longitud fija | 01635nam a2200217 4500 |
| 003 - IDENTIFICADOR DEL NÚMERO DE CONTROL | |
| campo de control | AR-RoIUNI |
| 005 - FECHA Y HORA DE LA ÚLTIMA TRANSACCIÓN | |
| campo de control | 20241122063016.0 |
| 007 - CAMPO FIJO DE DESCRIPCIÓN FÍSICA--INFORMACIÓN GENERAL | |
| campo de control de longitud fija | ta |
| 008 - DATOS DE LONGITUD FIJA--INFORMACIÓN GENERAL | |
| campo de control de longitud fija | 240124s2023 ag d|||frm||| 001 0 spa d |
| 040 ## - FUENTE DE LA CATALOGACIÓN | |
| Centro/agencia transcriptor | AR-RoIUNI |
| 080 ## - NÚMERO DE LA CLASIFICACIÓN DECIMAL UNIVERSAL | |
| Número de la Clasificación Decimal Universal | 001(043) |
| 100 1# - ENTRADA PRINCIPAL--NOMBRE DE PERSONA | |
| Nombre de persona | González Villar, M. Gabriela |
| 245 10 - MENCIÓN DE TÍTULO | |
| Título | Influencia de los determinantes sociales en el estado de salud de los primeros molares permanentes / |
| Mención de responsabilidad, etc. | M. Gabriela González Villar, [director] Dr. Carlos Alberto Cutuli |
| 260 ## - PUBLICACIÓN, DISTRIBUCIÓN, ETC. (PIE DE IMPRENTA) | |
| Lugar de publicación, distribución, etc. | Rosario : |
| Nombre del editor, distribuidor, etc. | IUNIR , |
| Fecha de publicación, distribución, etc. | 2023 |
| 300 ## - DESCRIPCIÓN FÍSICA | |
| Extensión | 149 p. ; |
| Dimensiones | 30 cm. |
| 520 3# - SUMARIO, ETC. | |
| Sumario, etc. | La presente Tesis Doctoral es un trabajo epidemiológico analítico observacional, realizado sobre un total de 375 pacientes de entre 6 y 40 años atendidos en la zona de AMBA,<br/>El objetivo del presente trabajo es relacionar el estado de salud de los primeros molares permanentes con el determinante socioeconómico de las personas. Para ello, se utilizó el índice CPOD y el IEDC.<br/>El estudio se realizó en una sala materno infantil de atención gratuita en el Partido de La Matanza Provincia de Buenos Aires ubicada en una zona de bajos recursos y en un consultorio particular ubicado en el barrio de Palermo en CABA<br/>Los resultados obtenidos indican que el estado de salud de los primeros molares permanentes empeora al disminuir el nivel socio económico de las personas, esto nos indica que los grupos más desfavorecidos tienen mayores dificultades en el acceso a los servicios de salud oral. |
| 650 10 - PUNTO DE ACCESO ADICIONAL DE MATERIA--TÉRMINO DE MATERIA | |
| Término de materia o nombre geográfico como elemento inicial | Odontología |
| 9 (RLIN) | 546 |
| 700 1# - PUNTO DE ACCESO ADICIONAL--NOMBRE DE PERSONA | |
| Nombre de persona | Cutuli, Carlos Alberto |
| Títulos y otros términos asociados al nombre | Dr. |
| Término indicativo de función/relación | Director |
| 856 ## - LOCALIZACIÓN Y ACCESO ELECTRÓNICOS | |
| Texto de enlace | Resumen en PDF |
| Identificador Uniforme del Recurso | <a href="https://iunir.edu.ar/postgrado/doctorado/resumen/304">https://iunir.edu.ar/postgrado/doctorado/resumen/304</a> |
| 942 ## - ELEMENTOS DE PUNTO DE ACCESO ADICIONAL (KOHA) | |
| Fuente del sistema de clasificación o colocación | Clasificación Decimal Universal |
| Tipo de ítem Koha | Tesis |
| Estado de retiro | Estado de pérdida | Fuente del sistema de clasificación o colocación | Estado dañado | Restricciones de uso | Excepción de préstamo | Código de colección | Localización permanente | Ubicación/localización actual | Ubicación en estantería | Fecha de adquisición | Número de inventario | Total de préstamos | Signatura topográfica completa | Código de barras | Fecha visto por última vez | Tipo de ítem Koha | Precio válido a partir de |
|---|---|---|---|---|---|---|---|---|---|---|---|---|---|---|---|---|---|
| Clasificación Decimal Universal | Consulta en biblioteca | Tesis | BIBLIOTECA CENTRAL | BIBLIOTECA CENTRAL | BIBLIOTECA CENTRAL | 26/05/2025 | 149d | 001(043) | 149d | 26/05/2025 | Tesis | 26/05/2025 | |||||
| Clasificación Decimal Universal | Consulta en biblioteca | No sale | Tesis | BIBLIOTECA CRESPO | BIBLIOTECA CRESPO | BIBLIOTECA CRESPO | 24/01/2024 | 149dd | 001(043) | 149dd | 24/01/2024 | Tesis |

